00331nam a2200121Ia 4500008004100000041000800041082001500049100001900064245004500083260004000128300003200168365000900200240624s9999 xx 000 0 und d aeng a303.48 HAK aRAHMAN HAKIKUR aEMPOWERING MARGINAL COMMUNITIES WITH INF c2006aLondonbIdea Group Publishing axvii, : 363 : p. : cm. ; 25 cb30